000 005520000a22001810004500
003 MACL
005 20160225121550.0
008 160225b xxu||||| |||| 00| 0 eng d
040 _aMACL
_cMACL
041 _aHindi
082 _a800
100 _aरामनारायण चौधरी
_940126
245 _aबापूके पत्र मीराके नाम
260 _bनवजीवन प्रकाशन मंदिर
_aअहमदाबाद
350 _a4
650 _aLiteracture
_939932
942 _cHIN
_k800
_2ddc
999 _c23753
_d23753